000 00725nam a2200241 a 4500
001 000014530
005 20200929163851.0
008 100113s2000 sp a 000 f spa d
020 _a8437618134
040 _aDO-SdBNP
_bspa
_cBNPHU
082 _aA863.2
_bM351a
100 1 _aMármol, José,
_d1818-1871
_95480
245 1 0 _aAmalia /
_cJosé Mármol ; edición de Teodosio Fernández.
260 _aMadrid :
_bCátedra,
_c2000.
300 _a835, [4] p. :
_bil. ;
_c18 cm.
490 1 _aLetras hispánicas
_v460
650 4 _aNovela argentina
_93941
650 4 _aLiteratura argentina
_93860
700 1 _aFernández, Teodosio,
_eed.
_913490
830 0 _aLetras hispánicas ;
_v460
_94208
910 _aWM
049 _aBNGR
999 _c14118
_d14118